<The> Conditional political tax cycle: The role of fiscal credibility and transparency

Guardado en:
Detalles Bibliográficos
Autor principal: Janků, Jan
Formato: Capítulo de libro
Lenguaje:inglés
Materias:
Etiquetas: Agregar Etiqueta
Sin Etiquetas, Sea el primero en etiquetar este registro!

MARC

LEADER 00000naa a2200000 4500
001 0227549
005 20231204091953.3
041 0 |a eng 
044 |a CZ 
245 1 0 |a <The> Conditional political tax cycle: The role of fiscal credibility and transparency  |c Jan Janků 
610 2 0 |a dane korporatívne 
610 2 0 |a systémy daňové 
610 2 0 |a krajiny vyspelé 
610 2 0 |a politika fiškálna 
610 2 0 |a transparentnosť 
610 2 0 |a modely ekonometrické 
100 1 |a Janků, Jan